Szovjet — magyar barátsági est a tanácsházán a budapesti szovjet nagykövetség munkatársainak szegedi látogatása : [fényképpel] /
Elmentve itt :
| Szerző: | |
|---|---|
| Dokumentumtípus: | Cikk |
| Megjelent: |
1960-04-01
|
| Sorozat: | Délmagyarország
|
| Kulcsszavak: | Kulturális élet magyar-szovjet kapcsolatok Szeged 1960 |
| Online Access: | http://dmarchiv.bibl.u-szeged.hu/61051 |
| LEADER | 00594nab a2200157 i 4500 | ||
|---|---|---|---|
| 001 | delm61051 | ||
| 005 | 20180927144536.0 | ||
| 008 | 180927s1960 hu o 0|| hun d | ||
| 040 | |a SZTE Délmagyarország Archívum |b hun | ||
| 041 | |a hun | ||
| 100 | 1 | |a Liebmann Béla | |
| 245 | 1 | 0 | |a Szovjet — magyar barátsági est a tanácsházán |h [elektronikus dokumentum] : |b a budapesti szovjet nagykövetség munkatársainak szegedi látogatása : [fényképpel] / |c Liebmann Béla |
| 260 | |c 1960-04-01 | ||
| 300 | |a 1 | ||
| 490 | 0 | |a Délmagyarország | |
| 695 | |a Kulturális élet magyar-szovjet kapcsolatok Szeged 1960 | ||